|
|
|
|
| LEADER |
00917nam a2200241 a 4500 |
| 001 |
1945924 |
| 008 |
091013s1981 enkb b 001 0 eng d |
| 010 |
|
|
|a 86673209
|
| 020 |
|
|
|a 0140220577 (pbk.)
|
| 040 |
|
|
|a MH
|c MH
|d DLC
|
| 082 |
0 |
0 |
|a 330.9172/4
|2 19
|
| 100 |
1 |
|
|a Harrison, Paul,
|d 1945-
|
| 245 |
1 |
0 |
|a Inside the Third World /
|c Paul Harrison.
|
| 260 |
|
|
|a Harmondsworth, Middlesex, England ;
|a New York, N.Y. :
|b Penguin,
|c 1981.
|
| 300 |
|
|
|a 502 p. :
|b maps ;
|c 19 cm.
|
| 490 |
0 |
|
|a Pelican books
|
| 504 |
|
|
|a Includes Bibliographical References and index
|
| 541 |
1 |
|
|e 00000110
|
| 500 |
|
|
|a Includes index.
|
| 651 |
|
0 |
|a Developing countries
|x Economic conditions.
|
| 852 |
4 |
|
|a Ayesha Abed Library
|j General shelf
|
| 999 |
|
|
|c 7999
|d 7999
|
| 952 |
|
|
|0 0
|1 0
|2 ddc
|4 0
|6 330_917240000000000_HAR_1981
|7 0
|9 9052
|a BRACUL
|b BRACUL
|c GEN
|d 2010-04-07
|g 324.50
|l 1
|m 1
|o 330.91724 HAR
|p 3010000110
|r 2011-03-23
|s 2011-03-14
|t 1
|w 2010-04-07
|y BK
|